Missing Word: Lord of the Rings Cast II Quiz Stats

 Plays Quiz Updated Apr 6, 2018

Challenge
Share
Tweet
Embed
Score 0/20 Timer 04:00
0 Plays Today
Hint Answer % Correct
Ian HolmDay
98%
Christopher LeeCharlie
96.8%
Ian HolmFire
94.4%
Hugo WeavingVendetta
93.8%
Sean BeanAnna
91.5%
Hugo WeavingMatrix
87.7%
Christopher LeeAttack
85.7%
Christopher LeeGolden
84%
Ian HolmElement
83.7%
Sean BeanTreasure
81.2%
Hint Answer % Correct
Christopher LeeMan
79.8%
Hugo WeavingAtlas
67.8%
Hugo WeavingAvenger
66.3%
Sean BeanMirror
65.7%
Ian HolmTime
60.4%
Sean BeanPatriot
57.2%
Hugo WeavingTransformers
55.7%
Ian HolmWar
46.9%
Christopher LeeDracula
40.8%
Sean BeanHill
32.3%

Today's Daily Dose

You're not logged in!

Compare scores with friends on all Sporcle quizzes.
Join for Free
OR
Log In

You Might Also Like...

Show Comments

Extras

Top Quizzes Today


Score Distribution

Your Account Isn't Verified!

In order to create a playlist on Sporcle, you need to verify the email address you used during registration. Go to your Sporcle Settings to finish the process.

Report this User

Report this user for behavior that violates our Community Guidelines.

Details: